[Event "WchT Seniors 50"]
[Site "Prague"]
[Date "2020.03.06"]
[Round "1.18"]
[White "Asomaki, Pekka"]
[Black "Buchholz, Ralf"]
[Result "1-0"]
[WhiteElo "2122"]
[BlackElo "1851"]
[PlyCount "83"]
[EventDate "2020.03.06"]
[EventType "team-swiss"]
[EventRounds "7"]
[EventCountry "CZE"]
[SourceTitle "CBM 195 Extra"]
[Source "ChessBase"]
[SourceDate "2020.05.31"]
[SourceVersion "1"]
[SourceVersionDate "2020.05.31"]
[SourceQuality "1"]
[WhiteTeam "Finland 50"]
[BlackTeam "Germany 50 X"]
[WhiteTeamCountry "FIN"]
[BlackTeamCountry "GER"]

1. e4 d6 2. d4 e5 3. Nf3 Nc6 4. Bb5 exd4 5. Nxd4 Bd7 6. Bxc6 bxc6 7. 0-0 c5 8. Nf5 g6 9. Ng3 Bg7 10. Re1 Ne7 11. Nc3 0-0 12. Bg5 f6 13. Be3 Rb8 14. Rb1 Be6 15. Qd2 Qd7 16. b3 Rfd8 17. Rbd1 Qe8 18. Nd5 Rdc8 19. Bh6 Qf8 20. Bxg7 Qxg7 21. Qf4 Nxd5 22. exd5 Bd7 23. Re3 Re8 24. Nh5 gxh5 25. Rg3 Qxg3 26. Qxg3+ Kf7 27. Qh4 Re5 28. f4 Rf5 29. c4 Rg8 30. Rf1 Rg4 31. Qe1 Rgxf4 32. Rxf4 Rxf4 33. Qa5 Rd4 34. Qxc7 Ke7 35. Qxa7 h4 36. h3 Rd1+ 37. Kh2 f5 38. b4 cxb4 39. c5 dxc5 40. Qxc5+ Ke8 41. d6 Rd2 42. Qe3+ 1-0

[Event "Styrian op-B"]
[Site "Bad Gleichenberg"]
[Date "2014.07.09"]
[Round "5"]
[White "Buchholz, Ralf"]
[Black "Schloffer, Jasmin Denise"]
[Result "1-0"]
[WhiteElo "1878"]
[BlackElo "1700"]
[PlyCount "53"]
[EventDate "2014.07.05"]
[EventType "swiss"]
[EventRounds "9"]
[EventCountry "AUT"]
[SourceTitle "EXT 2016"]
[Source "ChessBase"]
[SourceDate "2015.10.08"]
[SourceVersion "1"]
[SourceVersionDate "2015.10.08"]
[SourceQuality "1"]

1. c4 Nf6 2. Nc3 e6 3. Nf3 b6 4. e4 Bb7 5. e5 Ne4 6. Bd3 f5 7. Qe2 Nxc3 8. dxc3 Be7 9. Bf4 0-0 10. 0-0-0 Nc6 11. h4 a6 12. Bc2 Qe8 13. h5 b5 14. cxb5 axb5 15. Bb3 b4 16. Qd3 bxc3 17. bxc3 Ba3+ 18. Kd2 Na5 19. Ke1 Nxb3 20. axb3 d6 21. exd6 e5 22. d7 Qe7 23. Qc4+ Kh8 24. Bg5 Rf6 25. Bxf6 Qxf6 26. Qxc7 Bxf3 27. d8Q+ 1-0

[Event "Styrian op-B"]
[Site "Bad Gleichenberg"]
[Date "2014.07.07"]
[Round "3"]
[White "Buchholz, Ralf"]
[Black "Wieser, Andreas"]
[Result "1/2-1/2"]
[WhiteElo "1878"]
[BlackElo "1970"]
[PlyCount "47"]
[EventDate "2014.07.05"]
[EventType "swiss"]
[EventRounds "9"]
[EventCountry "AUT"]
[SourceTitle "EXT 2016"]
[Source "ChessBase"]
[SourceDate "2015.10.08"]
[SourceVersion "1"]
[SourceVersionDate "2015.10.08"]
[SourceQuality "1"]

1. c4 e5 2. Nc3 Nc6 3. g3 Nf6 4. Bg2 Be7 5. e3 0-0 6. d3 d6 7. Nge2 Bd7 8. Nd5 Nxd5 9. cxd5 Nb8 10. 0-0 c6 11. Nc3 Na6 12. a3 Nc7 13. b4 a5 14. Bb2 axb4 15. axb4 Rxa1 16. Qxa1 Qa8 17. Rc1 Qxa1 18. Rxa1 Ra8 19. Rxa8+ Nxa8 20. dxc6 Bxc6 21. Nd5 Bd8 22. d4 f6 23. dxe5 dxe5 24. Bc3 1/2-1/2

[Event "Niedersachsen-ch"]
[Site "Bad Lauterberg"]
[Date "2003.04.18"]
[Round "9.7"]
[White "Buchholz, Ralf"]
[Black "Bohnstorff, Michael"]
[Result "1/2-1/2"]
[WhiteElo "1876"]
[BlackElo "1984"]
[PlyCount "38"]
[EventDate "2003.??.??"]
[EventType "swiss"]
[EventRounds "9"]
[EventCountry "GER"]
[SourceTitle "EXT 2004"]
[Source "ChessBase"]
[SourceDate "2003.11.25"]
[SourceVersion "1"]
[SourceVersionDate "2003.11.25"]
[SourceQuality "1"]

1. d4 d5 2. Nf3 Nf6 3. e3 Bf5 4. Bd3 Bxd3 5. Qxd3 c6 6. Nbd2 e6 7. b3 Nbd7 8. Bb2 Rc8 9. 0-0 Be7 10. a3 0-0 11. c4 c5 12. Rfc1 cxd4 13. exd4 Qb6 14. c5 Qc7 15. b4 Qf4 16. Re1 Rfe8 17. Re2 Nf8 18. Rae1 Ng6 19. Bc1 Qc7 1/2-1/2

[Event "Niedersachsen-ch"]
[Site "Bad Lauterberg"]
[Date "2003.04.16"]
[Round "7.2"]
[White "Buchholz, Ralf"]
[Black "Breuer, Stefan"]
[Result "0-1"]
[WhiteElo "1876"]
[BlackElo "2280"]
[PlyCount "110"]
[EventDate "2003.??.??"]
[EventType "swiss"]
[EventRounds "9"]
[EventCountry "GER"]
[SourceTitle "EXT 2004"]
[Source "ChessBase"]
[SourceDate "2003.11.25"]
[SourceVersion "1"]
[SourceVersionDate "2003.11.25"]
[SourceQuality "1"]

1. d4 Nf6 2. Nf3 e6 3. e3 b6 4. Bd3 Bb7 5. 0-0 c5 6. dxc5 bxc5 7. Nbd2 d5 8. b3 Bd6 9. Bb2 0-0 10. Re1 Ne4 11. Bxe4 dxe4 12. Nc4 exf3 13. Qxd6 Qg5 14. Qg3 Qxg3 15. hxg3 fxg2 16. e4 Ba6 17. Ne3 Nc6 18. Kxg2 Rfd8 19. Rad1 Bb7 20. f3 f5 21. exf5 Nd4 22. Bxd4 cxd4 23. Nc4 exf5 24. Re7 Bd5 25. Ne5 Re8 26. Rxe8+ Rxe8 27. Re1 g5 28. Kf2 Kg7 29. f4 gxf4 30. gxf4 Rc8 31. Re2 Rc3 32. Rd2 Be4 33. Ke2 h5 34. Rxd4 Rxc2+ 35. Rd2 Rxd2+ 36. Kxd2 h4 37. Ke3 h3 38. Nf3 Kg6 39. Nh2 Kh5 40. Kf2 Kh4 41. b4 Bc6 42. Nf3+ Kh5 43. Kg3 Bxf3 44. Kxf3 h2 45. Kg2 Kg4 46. Kxh2 Kxf4 47. Kg2 Ke3 48. Kf1 Kd3 49. Kf2 Kc4 50. b5 Kxb5 51. Ke3 Kb4 52. Kf4 Ka3 53. Kxf5 Kxa2 54. Ke4 a5 55. Kd3 Kb2 0-1